Регионална библиотека "Любен Каравелов" - Русе

Евини дъщери (Запис номер 98491)

MARC детайли
000 -Лидер
Контролно поле с фиксирана дължина 01944nam a2200397 c 4500
003 - Код на организацията, давaща контролен номер
Контролно поле BLK
005 - Дата и час на последна редакция
Контролно поле 20180420225850.0
008 - Елементи от данни с фиксирана дължина
fixed length control field 180409b bul|||||r ||||||| ||bul||
010 ## - Наследен системен номер
LC control number KNG00103435000
020 ## - Международен стандартен номер на книга ISBN
Международен стандартен номер на книга ISBN 954-529-222-9
-- издат.: Колибри
040 ## - Източник на каталожния запис
Идентификатор на билиотеката - собственик на записа BLK
041 ## - Код за език
Код за езика на текст/звукозапис или на отделно заглавие Български
Код за езика КДБФ Български
080 ## - УДК
Текстов определител УДК Психология на пола
УДК код - определител по УДК 159.922.1
УДК определител -055.2
УДК - код + определител 159.922.1-055.2
080 ## - УДК
Текстов определител УДК Психоанализа
УДК код - определител по УДК 159.964.2
УДК определител -055.2
УДК - код + определител 159.964.2-055.2
080 ## - УДК
Текстов определител УДК Полово възпитание. Хигиена на половия живот - Полови излишества, проституция, полово въздържание
УДК код - определител по УДК 613.88
УДК определител -055.2:159.964.2
УДК - код + определител 613.88-055.2:159.964.2
100 1# - Редна дума - Автор
Автор Оливие, Кристиан
Авторска отговорност първи автор
R(LIN) 307648
139 ## - Редно поле
Редна дума Оливие, Кристиан
Авторски знак Оли - О 50
245 10 - Сведения за заглавието
Заглавие Евини дъщери
Подзаглавни данни Психология и сексуалност на жената
Редно поле (дума) Кристиан Оливие; прев. от фр. Лилия Цанева.
257 ## - Страна на издаване
Страна на създаване/издаване Франция
260 ## - Област на издателските данни
-- София
Име на издателя, разпространителя и проч. Колибри
Година на издаване 2001
Печатница София : Балкан прес
300 ## - Физическа характеристика
Страници 192 с.
Размери/Мащаб 20 см
380 ## - Жанр
Жанр Философия
500 ## - Общи забележки
Забележка Ориг. загл. Filles d'Eve / Christiane Oliver. - Съдържа и Гледна точка на гинекологията / Клод Франсоаз Дюброй.
650 #4 - Допълнително описание по предмет – тема
Основно описание – тема или топоним Сексуалност - у жените - психоаналитични изследвания
9 (RLIN) 256128
650 #4 - Допълнително описание по предмет – тема
Основно описание – тема или топоним Полов живот - жени - психология
9 (RLIN) 269373
650 #4 - Допълнително описание по предмет – тема
Основно описание – тема или топоним Жени - психоаналитични изследвания
9 (RLIN) 256127
653 ## - Ключова дума – ненормативна
Ключова дума психология
653 ## - Ключова дума – ненормативна
Ключова дума сексуалност
653 ## - Ключова дума – ненормативна
Ключова дума жени
700 1# - Други автори (авторска отговорност)
Лично име Цанева, Лилия
Автороска отговорност (Описва отношението между автора и произведението) прев. от фр.
9 (RLIN) 307649
852 ## - Местоположение
Форматна сигнатура Цб 212671
856 4# - Електронен адрес и достъп
Електронен формат pdf - файл
Път до файла /url/
856 4# - Електронен адрес и достъп
Електронен формат pdf - файл
Път до файла /url/
942 ## - АРТИКУЛИ
Вид на библиотечния материал Книги
Скрит в OPAC Не
944 ## - СЪЗДАВАНЕ И РЕДАКЦИЯ на ЗАПИСА
Създаване/Редакция Създаване
Дата на регистрацията/редакция 01.01.2001
Служител, извършил регистрацията/редакцията Валя_Йорданова
944 ## - СЪЗДАВАНЕ И РЕДАКЦИЯ на ЗАПИСА
Създаване/Редакция Редакция
Дата на регистрацията/редакция 21.03.2011
Служител, извършил регистрацията/редакцията
999 ## - СИСТЕМНИ КОНТРОЛНИ НОМЕРА
Koha biblionumber 98491
Koha biblioitemnumber 98491
Наличности
Код за отписване Код за изгубен артикул Източник на класификационната схема Код за повреда Коз за рестрикции Код за отдаване Артикулен № Име на библиотеката - собственик Име на библиотеката, в която се намира в момента Статус (Текущо местоположение) Дата на вписване в системата Местоположение - отдел Цена в лева Инвентарен номер Систематично азбучна сигнатура Баркод Номер на екземпляра Цена в евро Служебна бележка Служебен тип на артикула
Изтеглен Не е изгубен Universal Decimal Classification Не е повреден без рестрикции заемане за дома 158468 Регионална библиотека "Любен Каравелов" Русе Регионална библиотека "Любен Каравелов" Русе Заемна - подръчен фонд 2002-09-27 Заемна - подръчен фонд 6.00 120000672443 П 159.922.1/О-50 К 120000672443 1 3.07 Дост: DA Вид: А N: 38 Дата: 27.09.2002 Дата инв: 01.02.2018 Бележки инв: П2018 Книги
  Не е изгубен   Не е повреден без рестрикции ползва се в читалня 158469 Регионална библиотека "Любен Каравелов" Русе Регионална библиотека "Любен Каравелов" Русе Хранилище 2002-12-10 Хранилище 6.00 120000673781 Цб 212671 120000673781 2 3.07 Дост: Dp Вид: Д N: 14 Дата: 26.03.2002 Книги
Vip Innovations Ltd, Rousse, Bulgaria 2025